ARRUPE JESUIT UNIVERSITY

CORONAVIRUS -STOP THE SPREAD - CLEAN,DISINFECT,COVER

Phenomenology of the human person / (Record no. 123402)

MARC details
000 -LEADER
fixed length control field 01237cam a22003734a 4500
001 - CONTROL NUMBER
control field 6763159
003 - CONTROL NUMBER IDENTIFIER
control field ARRUPE
005 - DATE AND TIME OF LATEST TRANSACTION
control field 20150915123757.0
008 - FIXED-LENGTH DATA ELEMENTS--GENERAL INFORMATION
fixed length control field 070910s2008 enk b 001 0 eng
010 ## - LIBRARY OF CONGRESS CONTROL NUMBER
LC control number 2007036951
020 ## - INTERNATIONAL STANDARD BOOK NUMBER
International Standard Book Number 9780521888912 (hardback)
020 ## - INTERNATIONAL STANDARD BOOK NUMBER
International Standard Book Number 0521888913 (hardback)
020 ## - INTERNATIONAL STANDARD BOOK NUMBER
International Standard Book Number 9780521717663 (pbk.)
020 ## - INTERNATIONAL STANDARD BOOK NUMBER
International Standard Book Number 0521717663 (pbk.)
024 ## - OTHER STANDARD IDENTIFIER
Standard number or code 40015511195
035 ## - SYSTEM CONTROL NUMBER
System control number (OCoLC)ocn173182435
035 ## - SYSTEM CONTROL NUMBER
System control number (OCoLC)173182435
035 ## - SYSTEM CONTROL NUMBER
System control number (NNC)6763159
040 ## - CATALOGING SOURCE
Original cataloging agency DLC
Transcribing agency DLC
Modifying agency BAKER
-- BTCTA
-- YDXCP
-- UKM
-- C#P
050 00 - LIBRARY OF CONGRESS CALL NUMBER
Classification number BD450
Item number .S5645 2008
082 00 - DEWEY DECIMAL CLASSIFICATION NUMBER
Classification number 128
Edition number 22
300 ## - PHYSICAL DESCRIPTION
Dimensions 23 cm.
100 1# - MAIN ENTRY--PERSONAL NAME
Personal name Sokolowski, Robert.
9 (RLIN) 19091
245 10 - TITLE STATEMENT
Title Phenomenology of the human person /
Statement of responsibility, etc Robert Sokolowski.
260 ## - PUBLICATION, DISTRIBUTION, ETC. (IMPRINT)
Place of publication, distribution, etc Cambridge ;
-- New York :
Name of publisher, distributor, etc Cambridge University Press,
Date of publication, distribution, etc 2008.
300 ## - PHYSICAL DESCRIPTION
Extent ix, 345 p. ;
504 ## - BIBLIOGRAPHY, ETC. NOTE
Bibliography, etc Includes bibliographical references (p. 325-331) and index.
505 0# - FORMATTED CONTENTS NOTE
Formatted contents note The form of thinking -- The content of thinking -- The body and human action -- Ancients and moderns.
650 #0 - SUBJECT ADDED ENTRY--TOPICAL TERM
Topical term or geographic name as entry element Human beings.
9 (RLIN) 19827
650 #0 - SUBJECT ADDED ENTRY--TOPICAL TERM
Topical term or geographic name as entry element Philosophical anthropology.
9 (RLIN) 19828
650 #0 - SUBJECT ADDED ENTRY--TOPICAL TERM
Topical term or geographic name as entry element Phenomenology.
9 (RLIN) 19829
942 ## - ADDED ENTRY ELEMENTS (KOHA)
Source of classification or shelving scheme Library of Congress Classification
Koha item type Monograph ( Printed materials)
948 1# - LOCAL PROCESSING INFORMATION (OCLC); SERIES PART DESIGNATOR (RLIN)
Series part designator, SPT (RLIN) 20080722
b (OCLC) c
c (OCLC) sl13
d (OCLC) MPS
Holdings
Withdrawn status Lost status Source of classification or shelving scheme Damaged status Not for loan Collection code Home library Current library Shelving location Date acquired Total Checkouts Full call number Barcode Date last seen Date checked out Price effective from Koha item type
    Library of Congress Classification     Main Collection ARRUPE LIBRARY ARRUPE LIBRARY Main Collection 11/09/2015 3 BD450.S5645 2008 46500004249 02/02/2026 26/11/2025 11/09/2015 Monograph ( Printed materials)

 

Arrupe Library. PO Box MP320 Mt Pleasant, Harare, Zimbabwe
263 242 745411|librarian@aju.ac.zw